| 000 | 00564nam a2200181 i 4500 | ||
|---|---|---|---|
| 001 | 140324 | ||
| 003 | ES-MaACL | ||
| 005 | 20230906200045.0 | ||
| 007 | t| | ||
| 008 | 070214s1927 sp r ||||1| spa d | ||
| 100 | 0 |
_aSegura Covarsí, Enrique. _9105216 |
|
| 245 | 1 | 0 |
_aBiografía de Eugenio Hermoso / _cEnrique Segura. |
| 260 |
_a[Madrid : _bMeridiano], _c1927 ( _eBadajoz : _fTip. La Minerva Extremeña) |
||
| 300 |
_a233 p., 1 h. de lám. ; _c16 cm. |
||
| 500 | _aRetrato del biografiado. | ||
| 600 | 0 | 4 |
_aHermoso, Eugenio. _962769 |
| 852 |
_aES-MaACL _jF-9365 |
||
| 999 |
_c140324 _d140324 |
||